zpět

Detail výsledku týmu

Farm Letná PO, Praha

Datum a čas kvízu

39.5 Celkem bodů Celkový počet nahraných bodů na tomto kvízu bez doplňovacích otázek.
2. Pořadí na kvízu Konečné umístění týmu na tomto kvízu.

Zaznamenané odpovědi

# Otázka Odpověď Body Výsledky
1. Jedna oblíbená česká služba do... Dáme jídlo 1
2. Fotografie státní tajemnice pr... Francie 1
3. Jeden český umělec se v ponděl... Michal Hrůza 1
4. Podle žebříčku zveřejněného v... Bernard Arnault 1
5. Český sport slaví diplomatický... Petr Fousek 1
6. Podstatou biotechnologií je vy... 2 (1928), Alexander Fleming 1
7. Kontroverzní americká společno... A) kukuřice 1
8. Zatímco v minulosti se diabeti... Escherichia coli (E. coli) 1
9. Využití mikroorganismů k získá... kombucha 1
10. Biotechnologické téma zakončí... C 1